| 000 | 00774nam a2200217 i 4500 | ||
|---|---|---|---|
| 003 | IT-RoINE | ||
| 005 | 20190612070904.0 | ||
| 008 | 971218m19511953it a r 001 | ita d | ||
| 040 |
_aES-MaCSI _cIT-RoINE _dIT-RoINE |
||
| 245 | 0 | 0 |
_aOrdini e congregazioni religiose / _ca cura di Mario Escobar ; introduzione di Giovanni Adeodato Piazza. |
| 260 |
_aTorino : _bSocietà editrice internazionale, _c1951-1953. |
||
| 300 |
_a2 v., 94 h. de lám. ; _c21 cm. |
||
| 336 |
_2rdacontent _atext |
||
| 337 |
_2rdamedia _aunmediated |
||
| 338 |
_2rdacarrier _avolume |
||
| 500 | _aIncluye índices. | ||
| 650 | 4 |
_aMonacato y órdenes religiosas _98735 |
|
| 700 | 1 |
_917343 _aEscobar, Mario, _dn. 1911 |
|
| 700 | 1 |
_aPiazza, Adeodato Giovanni, _cCardenal, _d1884-1957 _951705 |
|
| 942 | _cMTS | ||
| 999 |
_c26111 _d26111 |
||